Ako nakupovať médiá

Bibliographic Details
Main Author: Urbanovská, Andrea (Author)
Format: Article
Language:Slovak
Subjects:

MARC

LEADER 00000nab a2200000 a 4500
001 vtls000667085
003 SK-MaSNL
005 20260304214423.0
008 180206c1998 xo 0 slo
015 |a SNBRB1998/07-18074 
035 |a CLN000019267 
040 |a SNKBUCL  |b slo  |c SNKBUCL  |e AACR2 
041 0 |a slo 
044 |a xo  |c SK 
080 |a 659.1:659.3  |2 UDC-MRF-SK2 
080 |a 659.3  |2 UDC-MRF-SK2 
100 1 |a Urbanovská, Andrea  |4 aut  |9 895324 
245 1 0 |a Ako nakupovať médiá  |c Andrea Urbanovská 
300 |b Tab. 
650 0 7 |a reklama  |x kampaň reklamná  |x médiá  |x nákup  |2 snkbucl  |9 1548181 
650 0 7 |a médiá  |2 snkbucl  |9 1424 
655 7 |a články z novín a časopisov  |2 snkbucl  |9 267496 
773 0 |x 1335-0889  |t Stratégie v reklame, marketingu a médiách  |g Č. 6 (1998), s. 51 
850 |a Slovenská národná knižnica v Martine 
852 |a SNK  |b KIS3GCP 
958 |a RBX 
999 |c 3141237  |d 3143167